The Report of the Select Committee on the Penal Code Amendment Bill, 1967 (Record no. 491341)

000 -LEADER
fixed length control field 00456cam a22001217a 4500
008 - FIXED-LENGTH DATA ELEMENTS--GENERAL INFORMATION
fixed length control field 180718b1969 xxu||||| |||| 00| 0 eng d
082 ## - DEWEY DECIMAL CLASSIFICATION NUMBER
Classification number G93203x54 In2b/1969
100 ## - MAIN ENTRY--PERSONAL NAME
Personal name India. Select Committee on the Penal Code Amendment Bill
245 ## - TITLE STATEMENT
Title The Report of the Select Committee on the Penal Code Amendment Bill, 1967
Statement of responsibility, etc. by Lok Sabha Secretariat
260 ## - PUBLICATION, DISTRIBUTION, ETC.
Place of publication, distribution, etc. New Delhi
Name of publisher, distributor, etc. Lok Sabha Secretariat
Date of publication, distribution, etc. 1969
300 ## - PHYSICAL DESCRIPTION
Extent 41+p.
700 ## - ADDED ENTRY--PERSONAL NAME
Personal name India. Lok Sabha Secretariat
Holdings
Withdrawn status Lost status Damaged status Not for loan Permanent Location Current Location Date acquired Full call number Barcode Date last seen Price effective from Koha item type
        Indian Institute of Public Administration Indian Institute of Public Administration 2018-08-04 G93203x54 In2b/1969 GG10459 2018-08-04 2018-08-04 GG

Powered by Koha